К вопросу о нормах микроклимата в жилищах на Севере; Проблемы Севера; Вып. 14: Труд и здоровье человека на Крайнем Севере

Λεπτομέρειες βιβλιογραφικής εγγραφής
Parent link:Проблемы Севера: сборник/ Академия наук СССР (АН СССР).— , 1958-1972
Вып. 14: Труд и здоровье человека на Крайнем Севере.— 1970.— С. 164-171
Κύριος συγγραφέας: Тулякова Л. Ф.
Άλλοι συγγραφείς: Антропов Г. А.
Γλώσσα:Ρωσικά
Έκδοση: 1970
Σειρά:Вопросы гигиены и профпатологии
Μορφή: MixedMaterials Κεφάλαιο βιβλίου
KOHA link:https://koha.lib.tpu.ru/cgi-bin/koha/opac-detail.pl?biblionumber=222438

MARC

LEADER 00000naa2a2200000 4500
001 222438
005 20231031200030.0
035 |a (RuTPU)RU\TPU\book\242650 
035 |a RU\TPU\book\242648 
090 |a 222438 
100 |a 20120924d1970 k y0rusy50 ca 
101 0 |a rus 
102 |a RU 
200 1 |a К вопросу о нормах микроклимата в жилищах на Севере  |f Л. Ф. Тулякова, Г. А. Антропов 
225 1 |a Вопросы гигиены и профпатологии 
320 |a Библиогр.: с. 170-171 
461 0 |0 (RuTPU)RU\TPU\book\119820  |t Проблемы Севера  |o сборник  |f Академия наук СССР (АН СССР)  |d 1958-1972 
463 0 |0 (RuTPU)RU\TPU\book\242606  |t Вып. 14: Труд и здоровье человека на Крайнем Севере  |v С. 164-171  |d 1970  |p 220 с. 
700 1 |a Тулякова  |b Л. Ф. 
701 1 |a Антропов  |b Г. А. 
801 1 |a RU  |b 63413507  |c 20120924 
801 2 |a RU  |b 63413507  |c 20120924  |g RCR 
942 |c BK